[Event "Salento op 2nd"]
[Site "Gallipoli"]
[Date "2013.05.29"]
[Round "6"]
[White "Al Hajiri, Bader"]
[Black "Gutierrez Salazar, Leonela"]
[Result "1-0"]
[WhiteElo "2019"]
[BlackElo "2090"]
[PlyCount "85"]
[EventDate "2013.05.25"]
[EventType "swiss"]
[EventRounds "9"]
[EventCountry "ITA"]
[SourceTitle "EXT 2014"]
[Source "ChessBase"]
[SourceDate "2013.11.20"]
[SourceVersion "1"]
[SourceVersionDate "2013.11.20"]
[SourceQuality "1"]

1. e4 c5 2. Nf3 d6 3. d4 cxd4 4. Qxd4 a6 5. c4 Nc6 6. Qd2 Nf6 7. Nc3 e6 8. Be2 Be7 9. 0-0 0-0 10. b3 Rb8 11. Re1 Qa5 12. Bb2 b5 13. cxb5 axb5 14. Nd4 Nxd4 15. Qxd4 b4 16. Nb1 Qg5 17. Nd2 e5 18. Qd3 Ba6 19. Nf3 Bxd3 20. Nxg5 Bxe4 21. f4 Bb7 22. fxe5 Nd5 23. Nf3 Nf4 24. Bc4 dxe5 25. Bxe5 Bc5+ 26. Kf1 Ng6 27. Bxb8 Rxb8 28. Rad1 Bc6 29. Ne5 Nxe5 30. Rxe5 Bf8 31. Rf5 Rb7 32. Rd4 g6 33. Rf6 Rc7 34. Rdf4 Be8 35. g4 Bc5 36. g5 Kg7 37. h4 Re7 38. Bd5 Bb5+ 39. Kg2 Be8 40. Re4 h6 41. Rxe7 Bxe7 42. Rb6 hxg5 43. Rb8 1-0

[Event "Salento op 2nd"]
[Site "Gallipoli"]
[Date "2013.05.25"]
[Round "1"]
[White "Gutierrez Salazar, Leonela"]
[Black "Paolillo, Gaia"]
[Result "1-0"]
[WhiteElo "2090"]
[BlackElo "1903"]
[PlyCount "120"]
[EventDate "2013.05.25"]
[EventType "swiss"]
[EventRounds "9"]
[EventCountry "ITA"]
[SourceTitle "EXT 2014"]
[Source "ChessBase"]
[SourceDate "2013.11.20"]
[SourceVersion "1"]
[SourceVersionDate "2013.11.20"]
[SourceQuality "1"]

1. e4 e5 2. Bc4 Nc6 3. Nf3 Bc5 4. c3 Nf6 5. d3 d6 6. 0-0 Be6 7. Nbd2 0-0 8. Re1 Qd7 9. b4 Bb6 10. a4 a5 11. b5 Ne7 12. d4 exd4 13. cxd4 d5 14. e5 Nh5 15. Ba2 Nf4 16. Nf1 Nfg6 17. h3 h6 18. Ng3 Nf5 19. Nh5 Qd8 20. Bb1 Nfh4 21. Nh2 Nf5 22. Nf3 Nfh4 23. Nf6+ gxf6 24. Nxh4 fxe5 25. Nxg6 fxg6 26. Rxe5 Qf6 27. Ra2 g5 28. Qd3 Rf7 29. Rae2 Bd7 30. Rxd5 Raf8 31. Rde5 Bf5 32. Rxf5 Qxf5 33. Qxf5 Rxf5 34. Bxf5 Rxf5 35. Re4 Rd5 36. Be3 Kf7 37. f4 gxf4 38. Rxf4+ Ke6 39. Kf2 c5 40. dxc5 Bxc5 41. Bxc5 Rxc5 42. Ke3 Rc3+ 43. Kd4 Rc7 44. Rh4 Rf7 45. Rxh6+ Ke7 46. Rh4 Kd6 47. Rg4 Rf1 48. Rg6+ Kd7 49. Ke5 Re1+ 50. Kf6 Kd6 51. Rg4 Kc5 52. h4 Rf1+ 53. Kg7 Rh1 54. Kg6 Rd1 55. h5 Rd8 56. h6 Rg8+ 57. Kh5 Rh8 58. Rf4 Kd5 59. g4 Ke5 60. Rf7 b6 1-0

[Event "San Cristobal Bolivar op 1st"]
[Site "San Cristobal"]
[Date "2012.09.27"]
[Round "4"]
[White "Gutierrez Salazar, Leonela"]
[Black "Paredes, Elias"]
[Result "1-0"]
[WhiteElo "2074"]
[BlackElo "2272"]
[PlyCount "63"]
[EventDate "2012.09.25"]
[EventType "swiss"]
[EventRounds "10"]
[EventCountry "VEN"]
[SourceTitle "EXT 2013"]
[Source "ChessBase"]
[SourceDate "2012.11.22"]
[SourceVersion "1"]
[SourceVersionDate "2012.11.22"]
[SourceQuality "1"]

1. e4 e6 2. d4 c5 3. Nf3 cxd4 4. Nxd4 Nf6 5. Bd3 Nc6 6. Be3 a6 7. 0-0 Qc7 8. Nc3 b5 9. a3 Ne5 10. Bf4 d6 11. Nb3 Bb7 12. Qe2 Rc8 13. a4 b4 14. Na2 a5 15. Bb5+ Ke7 16. c3 Ng6 17. Bg5 bxc3 18. Nxc3 h6 19. Bd2 Ra8 20. Rac1 Qd8 21. Rfd1 Nd7 22. Nd4 Nb8 23. f4 e5 24. fxe5 Nxe5 25. Bf4 f6 26. Bxe5 fxe5 27. Nf5+ Kf7 28. Qc4+ Kf6 29. Rf1 Qb6+ 30. Kh1 Kg6 31. Qe6+ Kh7 32. Be8 1-0

[Event "Olympiad Women-40"]
[Site "Istanbul"]
[Date "2012.09.07"]
[Round "10.2"]
[White "Arig, Busra"]
[Black "Gutierrez Salazar, Leonela"]
[Result "0-1"]
[WhiteElo "1864"]
[BlackElo "2067"]
[PlyCount "76"]
[EventDate "2012.08.28"]
[EventType "team-swiss"]
[EventRounds "11"]
[EventCountry "TUR"]
[SourceTitle "CBM 150 Extra"]
[Source "ChessBase"]
[SourceDate "2012.10.19"]
[SourceVersion "1"]
[SourceVersionDate "2012.10.19"]
[SourceQuality "1"]
[WhiteTeam "Turkey 2016 (W)"]
[BlackTeam "Venezuela (W)"]
[WhiteTeamCountry "TUR"]
[BlackTeamCountry "VEN"]

1. c4 g6 2. Nc3 Bg7 3. e4 e6 4. g3 Ne7 5. Bg2 c5 6. Nge2 Nbc6 7. 0-0 0-0 8. d3 d6 9. Be3 Nd4 10. Qd2 Rb8 11. Bh6 Nec6 12. Bxg7 Kxg7 13. f4 a6 14. Rab1 b5 15. b4 Nxe2+ 16. Nxe2 cxb4 17. cxb5 Rxb5 18. Kh1 Bd7 19. d4 d5 20. f5 exf5 21. exd5 Ne7 22. Rxb4 Rxb4 23. Qxb4 Bb5 24. Re1 Nxd5 25. Qc5 Qa5 26. Rc1 Qxa2 27. Rc2 Qb1+ 28. Rc1 Qd3 29. Qxd5 Qxe2 30. Qd6 Bd3 31. Qc5 Be4 32. Bxe4 Qxe4+ 33. Kg1 f4 34. gxf4 Qxf4 35. Rf1 Qe3+ 36. Kh1 Rd8 37. Qa7 Qe4+ 38. Kg1 Qxd4+ 0-1